<?xml version="1.0" encoding="UTF-8"?>
<record
    xmlns:xsi="http://www.w3.org/2001/XMLSchema-instance"
    xsi:schemaLocation="http://www.loc.gov/MARC21/slim http://www.loc.gov/standards/marcxml/schema/MARC21slim.xsd"
    xmlns="http://www.loc.gov/MARC21/slim">

  <leader>01743nam0a22003371  4500</leader>
  <controlfield tag="001">rc\224004</controlfield>
  <controlfield tag="005">20250621003325.0</controlfield>
  <datafield tag="010" ind1=" " ind2=" ">
    <subfield code="a">5-450-00693-4</subfield>
    <subfield code="9">8000</subfield>
  </datafield>
  <datafield tag="035" ind1=" " ind2=" ">
    <subfield code="a">(NLR Aleph) 005477810</subfield>
  </datafield>
  <datafield tag="090" ind1=" " ind2=" ">
    <subfield code="a">5100334</subfield>
    <subfield code="c">5100334</subfield>
  </datafield>
  <datafield tag="100" ind1=" " ind2=" ">
    <subfield code="a">20030307d1990    |||y0rusy50      ca</subfield>
  </datafield>
  <datafield tag="101" ind1="0" ind2=" ">
    <subfield code="a">rus</subfield>
  </datafield>
  <datafield tag="102" ind1=" " ind2=" ">
    <subfield code="a">RU</subfield>
  </datafield>
  <datafield tag="105" ind1=" " ind2=" ">
    <subfield code="a">y   |||||||||</subfield>
  </datafield>
  <datafield tag="200" ind1="1" ind2=" ">
    <subfield code="a">&#x412;&#x44B;&#x441;&#x43E;&#x43A;&#x43E;&#x435; &#x43D;&#x435;&#x431;&#x43E;</subfield>
    <subfield code="e">[&#x421;&#x431;&#x43E;&#x440;&#x43D;&#x438;&#x43A;</subfield>
    <subfield code="e">&#x41F;&#x435;&#x440;. &#x441; &#x44D;&#x441;&#x442;.]</subfield>
    <subfield code="f">&#x42E;&#x43B;&#x43E; &#x422;&#x443;&#x443;&#x43B;&#x438;&#x43A;</subfield>
  </datafield>
  <datafield tag="210" ind1=" " ind2=" ">
    <subfield code="a">&#x422;&#x430;&#x43B;&#x43B;&#x438;&#x43D;</subfield>
    <subfield code="c">&#x42D;&#x44D;&#x441;&#x442;&#x438; &#x440;&#x430;&#x430;&#x43C;&#x430;&#x442;</subfield>
    <subfield code="d">1990</subfield>
  </datafield>
  <datafield tag="215" ind1=" " ind2=" ">
    <subfield code="a">141, [2] &#x441;.</subfield>
    <subfield code="d">20</subfield>
  </datafield>
  <datafield tag="327" ind1="1" ind2=" ">
    <subfield code="a">&#x421;&#x43E;&#x434;&#x435;&#x440;&#x436;.: &#x42E;&#x445;&#x430;&#x43D; &#x421;&#x43C;&#x443;&#x443;&#x43B;, &#x43A;&#x430;&#x43A;&#x438;&#x43C; &#x44F; &#x435;&#x433;&#x43E; &#x437;&#x43D;&#x430;&#x43B;; &#x427;&#x435;&#x43B;&#x43E;&#x432;&#x435;&#x43A; &#x438; &#x43D;&#x43E;&#x447;&#x44C;; &#x41E;&#x440;&#x435;&#x43B; &#x432; &#x43A;&#x430;&#x44E;&#x442;&#x435;; &#x421; &#x422;&#x43E;&#x43C;&#x430;&#x441;&#x43E;&#x43C; &#x41C;&#x430;&#x43D;&#x43D;&#x43E;&#x43C; &#x432; &#x41B;&#x44E;&#x431;&#x435;&#x43A;&#x435;; &#x412;&#x441;&#x442;&#x440;&#x435;&#x447;&#x438; &#x441;&#x43E; &#x437;&#x43D;&#x430;&#x43C;&#x435;&#x43D;&#x438;&#x442;&#x44B;&#x43C;&#x438; &#x43B;&#x44E;&#x434;&#x44C;&#x43C;&#x438;; &#x412;&#x44B;&#x441;&#x43E;&#x43A;&#x43E;&#x435; &#x43D;&#x435;&#x431;&#x43E;; &#x418;&#x43D;&#x434;&#x435;&#x439;&#x441;&#x43A;&#x438;&#x43C; &#x43B;&#x435;&#x442;&#x43E;&#x43C; &#x432; &#x410;&#x43C;&#x435;&#x440;&#x438;&#x43A;&#x435;</subfield>
  </datafield>
  <datafield tag="464" ind1=" " ind2="0">
    <subfield code="1">2001#$a&#x42E;&#x445;&#x430;&#x43D; &#x421;&#x43C;&#x443;&#x443;&#x43B;, &#x43A;&#x430;&#x43A;&#x438;&#x43C; &#x44F; &#x435;&#x433;&#x43E; &#x437;&#x43D;&#x430;&#x43B;</subfield>
    <subfield code="t">&#x42E;&#x445;&#x430;&#x43D; &#x421;&#x43C;&#x443;&#x443;&#x43B;, &#x43A;&#x430;&#x43A;&#x438;&#x43C; &#x44F; &#x435;&#x433;&#x43E; &#x437;&#x43D;&#x430;&#x43B;</subfield>
  </datafield>
  <datafield tag="464" ind1=" " ind2="0">
    <subfield code="1">2001#$a&#x427;&#x435;&#x43B;&#x43E;&#x432;&#x435;&#x43A; &#x438; &#x43D;&#x43E;&#x447;&#x44C;</subfield>
    <subfield code="t">&#x427;&#x435;&#x43B;&#x43E;&#x432;&#x435;&#x43A; &#x438; &#x43D;&#x43E;&#x447;&#x44C;</subfield>
  </datafield>
  <datafield tag="464" ind1=" " ind2="0">
    <subfield code="1">2001#$a&#x41E;&#x440;&#x435;&#x43B; &#x432; &#x43A;&#x430;&#x44E;&#x442;&#x435;</subfield>
    <subfield code="t">&#x41E;&#x440;&#x435;&#x43B; &#x432; &#x43A;&#x430;&#x44E;&#x442;&#x435;</subfield>
  </datafield>
  <datafield tag="464" ind1=" " ind2="0">
    <subfield code="1">2001#$a&#x421; &#x422;&#x43E;&#x43C;&#x430;&#x441;&#x43E;&#x43C; &#x41C;&#x430;&#x43D;&#x43D;&#x43E;&#x43C; &#x432; &#x41B;&#x44E;&#x431;&#x435;&#x43A;&#x435;</subfield>
    <subfield code="t">&#x421; &#x422;&#x43E;&#x43C;&#x430;&#x441;&#x43E;&#x43C; &#x41C;&#x430;&#x43D;&#x43D;&#x43E;&#x43C; &#x432; &#x41B;&#x44E;&#x431;&#x435;&#x43A;&#x435;</subfield>
  </datafield>
  <datafield tag="464" ind1=" " ind2="0">
    <subfield code="1">2001#$a&#x412;&#x441;&#x442;&#x440;&#x435;&#x447;&#x438; &#x441;&#x43E; &#x437;&#x43D;&#x430;&#x43C;&#x435;&#x43D;&#x438;&#x442;&#x44B;&#x43C;&#x438; &#x43B;&#x44E;&#x434;&#x44C;&#x43C;&#x438;</subfield>
    <subfield code="t">&#x412;&#x441;&#x442;&#x440;&#x435;&#x447;&#x438; &#x441;&#x43E; &#x437;&#x43D;&#x430;&#x43C;&#x435;&#x43D;&#x438;&#x442;&#x44B;&#x43C;&#x438; &#x43B;&#x44E;&#x434;&#x44C;&#x43C;&#x438;</subfield>
  </datafield>
  <datafield tag="464" ind1=" " ind2="0">
    <subfield code="1">2001#$a&#x412;&#x44B;&#x441;&#x43E;&#x43A;&#x43E;&#x435; &#x43D;&#x435;&#x431;&#x43E;</subfield>
    <subfield code="t">&#x412;&#x44B;&#x441;&#x43E;&#x43A;&#x43E;&#x435; &#x43D;&#x435;&#x431;&#x43E;</subfield>
  </datafield>
  <datafield tag="464" ind1=" " ind2="0">
    <subfield code="1">2001#$a&#x418;&#x43D;&#x434;&#x435;&#x439;&#x441;&#x43A;&#x438;&#x43C; &#x43B;&#x435;&#x442;&#x43E;&#x43C; &#x432; &#x410;&#x43C;&#x435;&#x440;&#x438;&#x43A;&#x435;</subfield>
    <subfield code="t">&#x418;&#x43D;&#x434;&#x435;&#x439;&#x441;&#x43A;&#x438;&#x43C; &#x43B;&#x435;&#x442;&#x43E;&#x43C; &#x432; &#x410;&#x43C;&#x435;&#x440;&#x438;&#x43A;&#x435;</subfield>
  </datafield>
  <datafield tag="700" ind1=" " ind2="1">
    <subfield code="a">&#x422;&#x443;&#x443;&#x43B;&#x438;&#x43A;</subfield>
    <subfield code="b">&#x42E;.&#x41A;.</subfield>
    <subfield code="f">1940-</subfield>
    <subfield code="g">&#x42E;&#x43B;&#x43E; &#x41A;&#x430;&#x430;&#x440;&#x435;&#x43B;&#x43E;&#x432;&#x438;&#x447;</subfield>
  </datafield>
  <datafield tag="801" ind1=" " ind2="0">
    <subfield code="a">RU</subfield>
    <subfield code="b">NLR</subfield>
    <subfield code="g">psbo</subfield>
  </datafield>
  <datafield tag="801" ind1=" " ind2="1">
    <subfield code="a">RU</subfield>
    <subfield code="b">ELAR</subfield>
    <subfield code="2">rusmarc</subfield>
  </datafield>
  <datafield tag="852" ind1=" " ind2=" ">
    <subfield code="a">NLR</subfield>
    <subfield code="j">90-3/12064</subfield>
  </datafield>
  <datafield tag="942" ind1=" " ind2=" ">
    <subfield code="c">BOOK</subfield>
  </datafield>
  <datafield tag="980" ind1=" " ind2=" ">
    <subfield code="a">NB</subfield>
  </datafield>
  <datafield tag="995" ind1=" " ind2=" ">
    <subfield code="5">2013-10-26</subfield>
    <subfield code="b">NLR01</subfield>
    <subfield code="c">NLR01</subfield>
    <subfield code="e">RF9</subfield>
    <subfield code="f">5477810-10</subfield>
    <subfield code="k">90-3/12064</subfield>
    <subfield code="o">0</subfield>
    <subfield code="r">BOOK</subfield>
    <subfield code="s">90312064_</subfield>
  </datafield>
</record>
